<?xml version="1.0" encoding="UTF-8"?>
<record
    xmlns:xsi="http://www.w3.org/2001/XMLSchema-instance"
    xsi:schemaLocation="http://www.loc.gov/MARC21/slim http://www.loc.gov/standards/marcxml/schema/MARC21slim.xsd"
    xmlns="http://www.loc.gov/MARC21/slim">

  <leader>00946cam a22002411i 4500</leader>
  <controlfield tag="003">SA-RiAUC</controlfield>
  <controlfield tag="005">20240909135148.0</controlfield>
  <controlfield tag="008">240906s1978    ua     g      000 0bara c</controlfield>
  <datafield tag="040" ind1=" " ind2=" ">
    <subfield code="a">SD-OmOIU</subfield>
    <subfield code="b">ara</subfield>
    <subfield code="c">SA-RiAUC.</subfield>
    <subfield code="e">rda</subfield>
  </datafield>
  <datafield tag="082" ind1="0" ind2="4">
    <subfield code="a">920</subfield>
    <subfield code="q">SA-RiAUC</subfield>
  </datafield>
  <datafield tag="090" ind1=" " ind2=" ">
    <subfield code="a">920</subfield>
    <subfield code="b">&#x645; &#x62C; &#x627;</subfield>
  </datafield>
  <datafield tag="100" ind1="1" ind2=" ">
    <subfield code="a">&#x645;&#x62C;&#x627;&#x647;&#x62F;&#x60C; &#x632;&#x643;&#x64A; &#x645;&#x62D;&#x645;&#x62F;</subfield>
    <subfield code="e">&#x645;&#x624;&#x644;&#x641;.</subfield>
  </datafield>
  <datafield tag="245" ind1="1" ind2="2">
    <subfield code="a">&#x627;&#x644;&#x623;&#x62E;&#x628;&#x627;&#x631; &#x627;&#x644;&#x62A;&#x627;&#x631;&#x64A;&#x62E;&#x64A;&#x629; &#x641;&#x64A; &#x627;&#x644;&#x633;&#x64A;&#x631;&#x629; &#x627;&#x644;&#x632;&#x643;&#x64A;&#x629; /</subfield>
    <subfield code="c">&#x62A;&#x623;&#x644;&#x64A;&#x641; &#x632;&#x643;&#x64A; &#x645;&#x62D;&#x645;&#x62F; &#x645;&#x62C;&#x627;&#x647;&#x62F;.</subfield>
  </datafield>
  <datafield tag="264" ind1=" " ind2="1">
    <subfield code="a">&#x627;&#x644;&#x642;&#x627;&#x647;&#x631;&#x629; :</subfield>
    <subfield code="b">&#x62F;&#x627;&#x631; &#x627;&#x644;&#x637;&#x628;&#x627;&#x639;&#x629; &#x627;&#x644;&#x645;&#x62D;&#x645;&#x62F;&#x64A;&#x629;&#x60C;</subfield>
    <subfield code="c">1379&#x647;&#x640;</subfield>
  </datafield>
  <datafield tag="300" ind1=" " ind2=" ">
    <subfield code="a">163 &#x635;&#x641;&#x62D;&#x629; &#x61B;</subfield>
    <subfield code="c">24 &#x633;&#x645;</subfield>
  </datafield>
  <datafield tag="336" ind1=" " ind2=" ">
    <subfield code="a">&#x646;&#x635;</subfield>
    <subfield code="b">txt</subfield>
    <subfield code="2">rdacontent</subfield>
    <subfield code="3">&#x643;&#x62A;&#x627;&#x628;</subfield>
  </datafield>
  <datafield tag="337" ind1=" " ind2=" ">
    <subfield code="a">&#x628;&#x62F;&#x648;&#x646; &#x648;&#x633;&#x64A;&#x637;</subfield>
    <subfield code="b">n</subfield>
    <subfield code="2">rdamedia</subfield>
  </datafield>
  <datafield tag="338" ind1=" " ind2=" ">
    <subfield code="a">&#x645;&#x62C;&#x644;&#x62F;</subfield>
    <subfield code="b">nc</subfield>
    <subfield code="2">rdacarrier</subfield>
  </datafield>
  <datafield tag="500" ind1=" " ind2=" ">
    <subfield code="a">&#x645;&#x644;&#x627;&#x62D;&#x638;&#x627;&#x62A; &#x645;&#x646; &#x627;&#x644;&#x634;&#x64A;&#x62E; &#x627;&#x644;&#x62F;&#x643;&#x62A;&#x648;&#x631; &#x639;&#x628;&#x62F;&#x627;&#x644;&#x648;&#x647;&#x627;&#x628; &#x633;&#x644;&#x64A;&#x645;&#x627;&#x646; &#x631;&#x62D;&#x645;&#x647; &#x627;&#x644;&#x644;&#x647; &#x628;&#x62F;&#x627;&#x62E;&#x644; &#x627;&#x644;&#x643;&#x62A;&#x627;&#x628;</subfield>
  </datafield>
  <datafield tag="650" ind1=" " ind2="7">
    <subfield code="a">&#x627;&#x644;&#x62A;&#x631;&#x627;&#x62C;&#x645;</subfield>
  </datafield>
  <datafield tag="942" ind1=" " ind2=" ">
    <subfield code="2">ddc</subfield>
    <subfield code="c">BOOK</subfield>
  </datafield>
  <datafield tag="949" ind1=" " ind2=" ">
    <subfield code="a">SA-JeALM</subfield>
    <subfield code="d">240906</subfield>
    <subfield code="u">mohamedma123</subfield>
    <subfield code="n">1</subfield>
  </datafield>
  <datafield tag="952" ind1=" " ind2=" ">
    <subfield code="0">0</subfield>
    <subfield code="1">0</subfield>
    <subfield code="2">ddc</subfield>
    <subfield code="4">0</subfield>
    <subfield code="7">0</subfield>
    <subfield code="a">WAHAB</subfield>
    <subfield code="b">WAHAB</subfield>
    <subfield code="d">2024-09-08</subfield>
    <subfield code="l">0</subfield>
    <subfield code="o">920 &#x645; &#x62C; &#x627;</subfield>
    <subfield code="p">000000134</subfield>
    <subfield code="r">2024-09-08 12:36:40</subfield>
    <subfield code="w">2024-09-08</subfield>
    <subfield code="y">BOOK</subfield>
  </datafield>
  <datafield tag="999" ind1=" " ind2=" ">
    <subfield code="c">84</subfield>
    <subfield code="d">84</subfield>
  </datafield>
</record>
